000 00339 a2200133 4500
001 64445
040 _cAnchieta - Pituba
100 _aAlmeida, Manuel Antônio de
240 1 0 _aMemórias de um sargento de milícias
_lpor
245 1 0 _aMemórias de um sargento de milícias
300 _a213
650 4 _aFicção brasileira
942 _cBK
999 _c64445
_d64445